000 00599nam a2200229Ia 4500
003 OSt
005 20220927112928.0
006 a|||||r|||| 00| 0
007 ta
008 220926b |||||||| |||| 00| 0 eng d
024 _a152528
037 _cReports
040 _aRTL
_cRTL
_beng
041 _2eng
_aeng
082 _a"X71.237s, N2/GD"
110 _a"Rajasthan, Economic And Statistical"
_9384642
245 0 _aBudget study
260 _c1992
700 _a"Rajasthan, Economic And Statistical"
_9384643
942 _h"X71.237s, N2/GD"
_cCC
999 _c700979
_d700979